| 000 | 00527nam a22001577a 4500 | ||
|---|---|---|---|
| 003 | macl | ||
| 005 | 20221216160628.0 | ||
| 008 | 221216b |||||||| |||| 00| 0 eng d | ||
| 040 | _cmacl | ||
| 082 | _a741.642 | ||
| 100 |
_aव्यास,श्रीकान्त _981632 |
||
| 245 | _aआसाम की लोक -कथाऍं | ||
| 260 |
_aदिल्ली _bट्रांसवर्ल्ड पब्लिशर्स _c2022 |
||
| 650 | _aचिल्ड्रन बुक | ||
| 942 |
_2ddc _cHIN |
||
| 999 |
_c65785 _d65785 |
||